000 00612nam a2200193Ia 4500
003 GCL
008 140319s9999 xx 000 0 ara d
040 _aGCL /
_cGCL
082 0 4 _aط
_b001.2
_bد م
100 1 _aمحمد حمزة السعداوى
245 1 0 _aماذا تعلم عن : اللسان العجيب /
_cمحمد حمزة السعداوى
250 _aالاولى
260 _aالقاهرة :
_bدار المعارف
300 _a16 ص ؛
_c30سم
490 _aماذا تعلم عن
_v7
650 0 4 _aقصص الاطفال
650 0 4 _aالمعلومات العامه
942 _2ddc
_cBK
999 _c9134
_d9134